Statistiken für Länder, die der Türkei am Nächsten Liegen

Klicken Sie hier um das Quiz zu spielen!

Allgemein

  • Dieses Quiz wurde 15.454 mal gespielt
  • Das Durchschnittsergebnis liegt bei 16 aus 20

Antwortstatistiken

KmLand% Korrekt
0Griechenland
97%
0Irak
92%
0Iran
92%
0Syrien
92%
0Bulgarien
88%
285Israel
87%
0Georgien
86%
0Armenien
84%
69Zypern
84%
0Aserbaidschan
83%
136Russland
83%
198Rumänien
82%
420Albanien
77%
125Libanon
76%
274Nordmazedonien
75%
342Jordanien
72%
409Ukraine
71%
322Serbien
69%
388Kosovo
68%
387Moldawien
60%

Verteilung der Resultate

Perzentil nach korrekt beantworteten Fragen

Anzahl Personen mit jedem Resultat

Ihre Resultats-Entwicklung

Sie haben dieses Quiz noch nicht gespielt